Представление документа в формате RUSMARC

ПолеНазваниеЗначение
  Тип записи a
  Библиографический уровень m
001 Контрольный номер c29499ee0f98464fa555a80ebdb1f79f
005 Дата корректировки 20140902152332.6
010 Индекс ISBN __
a ISBN 978-5-98111-111-2 (Т.1)
010 Индекс ISBN __
a ISBN 978-5-98111-110-5
200 Заглавие и сведения об ответственности 1_
a Заглавие Английский язык для делового общения. В 2 т. Т. 1
e Сведения, относящиеся к заглавию ч. 1, 2, 3
f Первые сведения об ответственности Г. А. Дудкина [et al.]
205 Сведения об издании __
a Основные сведения об издании 8-е изд.
b Дополнительные сведения об издании перераб.
210 Выходные данные 1_
c Издательство Филоматис
a Место издания М.
d Дата издания 2008
215 Физическое описание __
a Объем 687 с.
225 Серия 2_
a Серия Филология
610 Ключевые слова 0_
a Ключевые слова английский язык
610 Ключевые слова 0_
a Ключевые слова деловое общение
610 Ключевые слова 0_
a Ключевые слова учебник
686 Индексы других классификаций __
a Классификационный индекс 81.2 Англ
2 Код системы rubbk
701 Альтернативная интеллектуальная ответственность _1
a Фамилия Дудкина
b Имя Г. А.
g Полное личное имя Галина Александровна
u 2
e Роль лиц Автор
4 Код отношения 070
701 Альтернативная интеллектуальная ответственность _1
a Фамилия Павлова
b Имя М. В.
g Полное личное имя Маргарита Викторовна
e Роль лиц Автор
4 Код отношения 070
701 Альтернативная интеллектуальная ответственность _1
a Фамилия Рей
b Имя З. Г.
g Полное личное имя Зоя Георгиевна
e Роль лиц Автор
4 Код отношения 070
701 Альтернативная интеллектуальная ответственность _1
a Фамилия Хвальнова
b Имя А. Т.
g Полное личное имя Антонина Трофимовна
e Роль лиц Автор
4 Код отношения 070
801 Источник записи _0
a Страна RU
b Организация РУК
c Дата составления 20140902
g Правила каталогизации PSBO
801 Источник записи _1
a Страна RU
b Организация РУК
c Дата составления 20140902
g Правила каталогизации PSBO
852 Данные о местонахождении __
j Шифр хранения ББК 81.2 Англ.
i Авторский знак А 64
901 Тип документа __
t Тип документа m
937 Технологическая информация __
a Создатель записи (имя) Зоткина
938 Служебная информация __
a Название организации Владимирский филиал